Interpretación de las teorías de la personalidad... / (Record no. 33674)

MARC details
000 -LEADER
campo de control de longitud fija 00832nam a2200229 i 4500
001 - NÚMERO DE CONTROL
campo de control 33674
003 - IDENTIFICADOR DE NÚMERO DE CONTROL
campo de control ES-MaACL
007 - CAMPO FIJO DE DESCRIPCIÓN FÍSICA--INFORMACIÓN GENERAL
campo de control de longitud fija t|
008 - DATOS DE LONGITUD FIJA--INFORMACIÓN GENERAL
campo de control de longitud fija 030203s1973 mx ||||1| spa d
100 1# - ENTRADA PRINCIPAL--NOMBRE DE PERSONA
Nombre de persona Bischof, Ledford S.
9 (RLIN) 29000
245 10 - MENCIÓN DEL TÍTULO
Título Interpretación de las teorías de la personalidad... /
Mención de responsabilidad, etc. Ledford S. Bischof ; [traducción Federico Patán López ; revisión Rogelio Díaz-Guerrero, Roberto Helier Domínguez].
250 ## - MENCION DE EDICION
Mención de edición 1ª ed.
260 ## - PUBLICACIÓN, DISTRIBUCIÓN, ETC.
Lugar de publicación, distribución, etc. México :
Nombre del editor, distribuidor, etc. Trillas,
Fecha de publicación, distribución, etc. 1973.
300 ## - DESCRIPCIÓN FÍSICA
Extensión 690 p. ;
Dimensiones 23 cm.
490 1# - MENCIÓN DE SERIE
Mención de serie Biblioteca técnica de psicología
700 1# - ENTRADA AGREGADA--NOMBRE PERSONAL
Nombre de persona Patán López, Federico.
9 (RLIN) 89551
700 1# - ENTRADA AGREGADA--NOMBRE PERSONAL
Nombre de persona Díaz-Guerrero, Rogelio.
9 (RLIN) 44301
700 1# - ENTRADA AGREGADA--NOMBRE PERSONAL
Nombre de persona Helier Domínguez, Roberto.
9 (RLIN) 62430
830 0# - PUNTO DE ACCESO ADICIONAL DE SERIE-TÍTULO UNIFORME
Título uniforme Biblioteca técnica de psicología
9 (RLIN) 182720
852 ## - LOCALIZACIÓN
Ubicación ES-MaACL
Número de control de estantería E-6274
Sublocalización o colección R.90435
Holdings
Estatus retirado Estado de pérdida Estado de daño No para préstamo Biblioteca de origen Biblioteca actual Ubicación en estantería Fecha de adquisición Fuente de adquisición Total de préstamos Signatura topográfica completa Código de barras Visto por última vez Precio de reemplazo Tipo de ítem Koha
        Biblioteca del Ateneo de Madrid Biblioteca del Ateneo de Madrid Depósito 2 17/01/2008     E-6274 1035048 23/02/2023 23/02/2023 Libro impreso